000 00896cam a2200193 4500
001 ABS64848
008 020107n2002 000 0 eng u
035 _a(Sirsi) u116148
100 _aValentine, S.
245 _aDeviations and diversions (or how Old MacDonald coped with the walking public)
260 _c2002
490 _aLandowning in Scotland
_v(266) December 2001/January 2002, 14(1)
520 _aExplains how Ordnance Survey maps of Scotland do not identify rights of way, and neither do title deeds. Scotways (the Scottish Rights of Way and Access Society) can help where confusion arises. Terms, such as "evidence of use" and "curtilage and deviations" are explained. Suggests compromise and common sense can avoid the need for expensive court cases.
590 _aABS
650 _aRIGHTS OF WAY
650 _aSCOTLAND
690 _aBoundary disputes
_96221
942 _n0
999 _c69185
_d69185